Jaký by měl být bankéř budoucnosti?
Tri rozhovory uskutočnené s akademickými predstaviteľmi českého ekonomického školstva - odborníkmi na bankovníctvo. Generálna riaditeľka Bankového inštitútu súkromnej vysokej školy (BIVŠ), Martina Mannová, prorektor pre študijnú a pedagogickú činnosť Vysokej školy ekonomickej v Prahe, Petr Dvořák, a...
Saved in:
| Main Author: | |
|---|---|
| Format: | Book Chapter |
| Language: | Czech |
| Subjects: | |
| Tags: |
No Tags, Be the first to tag this record!
|
MARC
| LEADER | 00000naa a2200000 4500 | ||
|---|---|---|---|
| 001 | 0200039 | ||
| 005 | 20231211083659.6 | ||
| 041 | 0 | |a cze | |
| 044 | |a CZ | ||
| 245 | 1 | 0 | |a Jaký by měl být bankéř budoucnosti? |c Tomáš Houdek |
| 520 | |a Tri rozhovory uskutočnené s akademickými predstaviteľmi českého ekonomického školstva - odborníkmi na bankovníctvo. Generálna riaditeľka Bankového inštitútu súkromnej vysokej školy (BIVŠ), Martina Mannová, prorektor pre študijnú a pedagogickú činnosť Vysokej školy ekonomickej v Prahe, Petr Dvořák, a vedúci katedry financií na Vysokej škole finančnej a správnej (VŠFS), Otakar Schlossberger. | ||
| 610 | 2 | 0 | |a rozhovor |
| 610 | 2 | 0 | |a bankovníctvo |
| 610 | 2 | 0 | |a školy vysoké |
| 610 | 2 | 0 | |a univerzity |
| 610 | 2 | 0 | |a programy študijné |
| 610 | 2 | 0 | |a štúdium vysokoškolské |
| 610 | 2 | 0 | |a Česko |
| 100 | 1 | |a Houdek, Tomáš | |